000 00438nam a2200157Ia 4500
999 _c11323
_d11323
003 OSt
005 20230321153437.0
008 230307s9999 xx 000 0 und d
020 _a9781138583139
082 _a693.834
_bRIN
100 _aZ. Maekawa (Author), Jens Rindel (Author), P. Lord (Author)
245 0 _aEnvironmental and architectural acoustics
250 _a2nd Edition
260 _aLondon
_bSpon press
_cLondon
942 _2ddc